| 000 | 00662cam a2200193 4500 | ||
|---|---|---|---|
| 005 | 20230918120313.0 | ||
| 008 | | mx a 00| 0 spa|d | ||
| 020 | _a9686029303 | ||
| 050 | 0 | 4 |
_aF1221.H9 _bR65 1993 |
| 100 | 1 | _aRojas, Beatriz | |
| 245 | 1 | 4 |
_aLos huicholes en la historia _c / Beatriz Rojas |
| 250 | _a1a ed. | ||
| 260 |
_aMéxico : _bCentro de Estudios Mexicanos y Centroaméricanos : _bColegio de Michoacán, _c1993 |
||
| 300 |
_a222 p. : _bil. ; _c22 cm. |
||
| 504 | _aIncluye bibliografía : p. 205-210 e índeces | ||
| 650 | 7 |
_2lemb _aHuicholes _xHistoria |
|
| 710 | 2 | _aCentro de Estudios Mexicanos y Centroaméricanos | |
| 942 |
_2lcc _cLIB |
||
| 999 |
_c64725 _d64725 |
||